| 000 | 00628nam a2200181 a 4500 | ||
|---|---|---|---|
| 001 | 2598 | ||
| 003 | CDMR | ||
| 005 | 20130312193801.0 | ||
| 008 | 130130s1993||||||||||||||||||||||||||||d | ||
| 040 |
_aCDMR _bcat _cCPC GIRONA |
||
| 100 | 1 |
_aRubió Balaguer, Jordi _91947 |
|
| 245 | 1 | 0 |
_aLlibreters i impressors a la Corona d'Aragó _cJordi Rubió Balaguer ; pròleg de Joana Escobedo |
| 260 |
_bPublicacions de l'Abadia de Montserrat _aBarcelona |
||
| 260 |
_c1993 _bDepartament de Cultura de la Generalitat de Catalunya |
||
| 490 | 0 |
_aBiblioteca Abat Oliba _v128 |
|
| 490 | 0 |
_aObres de Jordi Rubió i Balaguer _v11 |
|
| 942 |
_cMON _2udc |
||
| 999 |
_c2598 _d2598 |
||